Meteos Multi Star Trip groups - Statistics

General Stats
  • This quiz has been taken 14 times
  • The average score is 16 of 17
Answer Stats
Planets Mission Group % Correct
Florias / Vubble(Sferia) / Starrii(Stellis) "Launch 30 H2O Meteos or more!" Bubblies
100%
Bavoom / Brabbit(Aetheria) / Yooj (Gigantis) "Launch 75 Meteos at once!" Clean Air Club
100%
Anasaze / Forte / Cavious(Cavernis) "Clear the screen of Meteos!" Earth Lovers
100%
Geolyte(Geolitia) / Oleana "Win within 2:30!" H20 Planetaries
100%
Hevendor x3 "Win within 2:00!" Hevendor Realm
100%
Dawndus(Insomnis) / Freaze(Polaria) "Launch 50 Meteos at once!" Hot & Chillies
100%
Grannest(Smogor) / Megadom "Clear the screen of Meteos!" Mechatropoloids
100%
Luna=Luna "Win within 1:30!" Twin Moons
100%
Boggob(Perillia) / Wuud(Arborea) "Launch 200 Meteos or more!" Chlorophylls
89%
Gravitas / Gigagush(Vortinia) / Thirnova(Trinova) "Launch 50 burnt Meteos or more!" Dimensionals
89%
Layazero x3 None Illusionists
89%
Meteo None Meteo
89%
Firim(Ignius) / Hotted(Pyros) "Launch 100 Meteos or more!" Molten Hellions
89%
Globin / Lastar(Candelor) / Suburbion None Rare Cultures
89%
Jeljel(Magmor) "Battle for over 1:00 and win!" Stray Planet
89%
Meteo x3 WIN True Meteo
89%
Wiral(Neuralis) / Mekks "Launch 30 Meteos at once!" Electric Nymphs
78%
No matching quizzes found
Score Distribution
Percent of People with Each Score
Percentile by Number Answered
Your Score History
You have not taken this quiz